K voprosu ob etapach razvitija kapitalističeskogo sposoba proizvodstva.
Názor, že pri periodizácii kapitalizmu treba ako základné kritérium uplatniť protirečenie medzi spoločenským a súkromným základom výroby a reprodukcie. Pohyb tohto protirečenia vyvoláva prispôsobovanie výrobných vzťahov k rastu výrobných síl - tak vzniká monopolistický, štátnomonopolistický kapitali...
Guardado en:
| Autor principal: | |
|---|---|
| Otros Autores: | , |
| Formato: | Capítulo de libro |
| Lenguaje: | ruso |
| Materias: | |
| Etiquetas: |
Sin Etiquetas, Sea el primero en etiquetar este registro!
|
MARC
| LEADER | 00000naa a2200000 4500 | ||
|---|---|---|---|
| 001 | r001604 | ||
| 005 | 20220906112112.3 | ||
| 041 | 0 | |a rus | |
| 044 | |a [SU] | ||
| 245 | 1 | 0 | |a K voprosu ob etapach razvitija kapitalističeskogo sposoba proizvodstva. |c N. Babinceva, Ju. Paškus, N. Raskov |
| 520 | |a Názor, že pri periodizácii kapitalizmu treba ako základné kritérium uplatniť protirečenie medzi spoločenským a súkromným základom výroby a reprodukcie. Pohyb tohto protirečenia vyvoláva prispôsobovanie výrobných vzťahov k rastu výrobných síl - tak vzniká monopolistický, štátnomonopolistický kapitalizmus i nadvláda TNK. Záver, že existuje súvzťažnosť medzi "životným cyklom" modifikovaných mechanizmov a vývojom v "dlhých vlnách". | ||
| 610 | 2 | 0 | |a riadenie výroby |
| 610 | 2 | 0 | |a vzťahy výrobné |
| 610 | 2 | 0 | |a sily výrobné |
| 610 | 2 | 0 | |a reprodukcia |
| 610 | 2 | 0 | |a kapitalizmus štátnomonopolistický |
| 610 | 2 | 0 | |a cykly hospodárske |
| 100 | 1 | |a Babinceva, N. | |
| 700 | 1 | |a Paškus, Ju. | |
| 700 | 1 | |a Raskov, N. | |